| 000 | 00372 a2200157 4500 | ||
|---|---|---|---|
| 001 | 149048 | ||
| 040 | _cEscola São Tomás de Aquino | ||
| 100 | _aORTHOF, Sylvia | ||
| 240 | 1 | 0 |
_aA vaca Mimosa e a mosca Zenilda _lpor |
| 245 | 1 | 0 | _aA vaca Mimosa e a mosca Zenilda |
| 300 | _a32 | ||
| 362 | 0 | _a1995 | |
| 440 | 1 | _aÁtica | |
| 697 | _a*LITERATURA INFANTIL | ||
| 942 | _cBK | ||
| 999 |
_c149048 _d149048 |
||